01460nab a2200241uuc4500001000800000005001700008008004100025035001200066035002100078040001300099041000800112100003000120245012700150520060100277650003200878650002600910650002400936700003000960700002800990700004801018700005001066773010201116119486920250311144241.0100326e20090903 spa  a1194869 a(OCoLC)820533738 ccomduadb aspa10aFontalvo, Paola4auteaut10aEvaluación experimental de la resistencia a la corrosión de un acero AISI-SAE 4140 implantado con iones de nitrógeno3 aSe estudió la resistencia a la corrosión de un acero AISI-SAE 4140 implantado con iones de Nitrógeno mediante la técnica 3DII (Implantación Iónica Tridimensional). Se evaluaron diferentes rugosidades de las muestras implantadas mediante técnicas electroquímicas de Rp, EIS y Tafel en una salmuera al 3% de NaCl, donde se obtuvo la mayor resistencia a la corrosión para el material implantado con menor rugosidad. Se produjo la formación de una posible capa protectora estable con la inmersión de las muestras en el electrolito de trabajo para tiempos superiores a 240 horas. 7aCorrosión del acero2lemb aRugosidad superficial aAcero AISI-SAE 414010aNiño, Dannier4auteaut10aVesga, Wilson4auteaut10aPeña Ballesteros, Darío Yesid4auteaut10aEstupiñán Durán, Hugo Armando4auteaut0 tDYNA (Medellín)gVolumen 076, Número 159, Septiembre 2009, p. 43-52w188384x0012-7353082258